Celebrando la vida: texto del alumno

Guardat en:
Dades bibliogràfiques
Autors principals: Ríos S., Teresa (Autor), Larotonda, Christián (Autor)
Format: Llibre
Idioma:espanyol
Publicat: Santiago Tiberiádes 2000
Col·lecció:Educación de la fe
Matèries:
Etiquetes: Afegir etiqueta
Sense etiquetes, Sigues el primer a etiquetar aquest registre!

MARC

LEADER 00000nam a2200000 a 4500
001 UCH5283
003 CL-VaPUC
008 091014e20000000CL |||||||||||||||||spa|d
020 |a 9567488754 
082 0 4 |a 248.4  |b RIO  |2 21 
100 0 |a Ríos S., Teresa  |e author  |9 541568 
700 0 |a Larotonda, Christián  |e author  |9 541569 
245 1 0 |a Celebrando la vida: texto del alumno 
300 |a 82 p 
942 |c BK 
945 |d 20091014 00:00:00  |a ccalabra 
260 |a Santiago  |b Tiberiádes  |c 2000 
500 |a Segundo año de enseñanza media 
650 0 |a Cristianismo  |9 257361 
650 0 |a Vida cristiana  |9 258753 
650 0 |a Teología cristiana  |9 308336 
650 0 |a Enseñanza  |9 256457 
650 7 |a DOCTRINA CRISTIANA  |2 CL-VaPUC  |9 339115 
650 0 |a Biblia  |9 257603 
650 0 |a Iglesia Católica  |9 256114 
650 0 |a Catolicismo  |9 258690 
583 |a last modification  |c 20091014 00:00:00  |k Rodrigo Vera 
490 0 |a Educación de la fe 
999 |c 336452  |d 336450